Sectores emergentes en la agricultura costarricense: el caso de los minivegetales en Costa Rica. Analisis de cadena y competitividad /

Kaydedildi:
Detaylı Bibliyografya
Yazar: Díaz Porras, Rafael
Diğer Yazarlar: Hernández Hernández, Beatriz
Materyal Türü: Metin
Konular:
Etiketler: Etiketle
Etiket eklenmemiş, İlk siz ekleyin!

MARC

LEADER 00000 a a2200000 04500
001 12619
003
040
100 |a Díaz Porras, Rafael  
245 |a Sectores emergentes en la agricultura costarricense:   |b el caso de los minivegetales en Costa Rica. Analisis de cadena y competitividad /  |c Rafael Díaz Porras ; Beatriz Hernández Hernández 
650 |a PRODUCCION VEGETAL  
650 |a DIVERSIFICACION DE LA PRODUCCION  
650 |a FACTORES DE PRODUCCION  
650 |a RED DE DISTRIBUCION  
650 |a EMPRESAS AGRICOLAS  
650 |a INTEGRACION VERTICAL  
650 |a PROCESAMIENTO DE PRODUCTOS AGRICOLAS  
650 |a COMERCIALIZACION  
650 |a MERCADO  
650 |a CONSUMO DOMESTICO  
650 |a COMPETITIVIDAD  
650 |a DIVERSIFICACIO  
650 |a CONSUMO DOMESTICO  
650 |a MERCADO  
650 |a PRECIOS  
650 |a DISTRIBUCION  
700 |a Hernández Hernández, Beatriz  
773 |g volumen 5, número 9; páginas 95-128  
999 |c 34221  |d 34221